INTRODUCTION TO BIOSTATISTICS (Record no. 32136)

MARC details
000 -LEADER
fixed length control field 00449nam a22001697a 4500
003 - CONTROL NUMBER IDENTIFIER
control field OSt
005 - DATE AND TIME OF LATEST TRANSACTION
control field 20220304154058.0
008 - FIXED-LENGTH DATA ELEMENTS--GENERAL INFORMATION
fixed length control field 220304b |||||||| |||| 00| 0 eng d
020 ## - INTERNATIONAL STANDARD BOOK NUMBER
International Standard Book Number 8121923298
040 ## - CATALOGING SOURCE
Transcribing agency HU
082 ## - DEWEY DECIMAL CLASSIFICATION NUMBER
Classification number 519.S
100 ## - MAIN ENTRY--PERSONAL NAME
Personal name BANERJEE PRANAB KUMAR
9 (RLIN) 32087
245 ## - TITLE STATEMENT
Title INTRODUCTION TO BIOSTATISTICS
260 ## - PUBLICATION, DISTRIBUTION, ETC.
Place of publication, distribution, etc. NEW DELHI
Name of publisher, distributor, etc. S.CHANND& COMPANY LTD.
Date of publication, distribution, etc. 2004
300 ## - PHYSICAL DESCRIPTION
Extent IX, 385, BIBLIOGRAPHY
Other physical details ILL
Dimensions 27CM.
942 ## - ADDED ENTRY ELEMENTS (KOHA)
Source of classification or shelving scheme Dewey Decimal Classification
Koha item type Books like text book referance book
Suppress in OPAC No
Holdings
Withdrawn status Lost status Source of classification or shelving scheme Damaged status Not for loan Collection code Home library Current library Shelving location Date acquired Total Checkouts Full call number Barcode Date last seen Copy number Price effective from Koha item type
    Dewey Decimal Classification Damaged   Reference Wondo Genet Library Wondo Genet Library General Stacks 03/04/2022   519.5 BAN 2004 WGCFNRL00012258 03/04/2022 1 03/04/2022 Books like text book referance book